Delhi - Müsteşrikler Kongresi

Elmentve itt :
Bibliográfiai részletek
Szerző: Togan Ahmed Zeki Velidi
Dokumentumtípus: Cikk
Megjelent: Fakülteler matbaası İstanbul 1964
Sorozat:Türk şarkiyat derneği dergisi = Review of the Turkish Oriental Society
Kulcsszavak:Keletkutatás - konferencia, Turkológia - konferencia
Tárgyszavak:
Online Access:http://misc.bibl.u-szeged.hu/65076
LEADER 00857nab a2200229 i 4500
001 misc65076
005 20240902083131.0
008 240209s1964 hu o 000 tur d
040 |a SZTE Miscellanea Repozitórium  |b hun 
041 |a tur 
100 1 |a Togan Ahmed Zeki Velidi 
245 1 0 |a Delhi - Müsteşrikler Kongresi  |h [elektronikus dokumentum] /  |c  Togan Ahmed Zeki Velidi 
260 |a Fakülteler matbaası  |b İstanbul  |c 1964 
300 |a 5-18  |c 24 cm 
300 |a [14] p.  |c 24 cm 
490 0 |a Türk şarkiyat derneği dergisi = Review of the Turkish Oriental Society 
561 |a Németh Gyula hagyaték 
591 |a NOA 6116 
650 4 |a Bölcsészettudományok 
650 4 |a Nyelvek és irodalom 
695 |a Keletkutatás - konferencia, Turkológia - konferencia 
856 4 0 |u http://misc.bibl.u-szeged.hu/65076/1/6116_noa.pdf  |z Dokumentum-elérés